Music Quiz

Random Music or Bands Quiz

Shared First Name: Musicians Quiz Stats

Quiz Updated Jan 17, 2012

Score 0/30 Timer 04:00
8 Plays Today
Last Names Shared 1st Name % Correct
Seger, Geldof, DylanBob
98.6%
Corgan, Idol, JoelBilly
96.7%
Black, Sinatra, ZappaFrank
96.7%
Bonham, Frusciante, PopperJohn
95.8%
Lee, Grant, WinehouseAmy
95%
Banner, Bowie, GrayDavid
94%
Maestro, Mathis, CashJohnny
91.4%
Hutchence, Stipe, JacksonMichael
85.4%
Money, Vedder, Van HalenEddie
84.2%
Loggins, Chesney, RogersKenny
83.9%
Seeger, Wentz, TownshendPete
82.9%
Holliday, Hudson, LopezJennifer
82%
Moon, Richards, SweatKeith
80.2%
Cocker, Perry, StrummerJoe
79.8%
Bega, Rawls, ReedLou
78.9%
Last Names Shared 1st Name % Correct
Miller, Vai, WinwoodSteve
75.5%
Clark, Grohl, StewartDave
73.1%
Eno, McKnight, WilsonBrian
73.1%
Smith, LaBelle, LuPonePatti
72.1%
Brown, Iha, TaylorJames
70.9%
Jones, Morello, WaitsTom
69.9%
Ament, Beck, BuckleyJeff
63.1%
Davies, Charles, LaMontagneRay
61.6%
Cave, Cannon, DrakeNick
60.4%
Loeb, Lopes, StansfieldLisa
58.1%
Brown, Cornell, RobinsonChris
41.6%
Ian, Stapp, WeilandScott
40.6%
Manson, Jones, BasseyShirley
39.4%
Mullins, Colvin, StockmanShawn
32.4%
Adams, Cabrera, BinghamRyan
30.6%
 
Number % Answered
30 (all)
8%
26-29
26.4%
22-25
24.7%
18-21
18.3%
14-17
11.3%
10-13
6.4%
6-9
3.2%
2-5
1.4%
1-1
0.3%

You're not logged in!

Compare scores with friends on all Sporcle quizzes.
Sign Up with Email
OR
Log In

You Might Also Like...

Show Comments

Extras


Your Account Isn't Verified!

In order to create a playlist on Sporcle, you need to verify the email address you used during registration. Go to your Sporcle Settings to finish the process.